00768nam a2200217Ia 4500003000400000008004100004020002700045040000800072100002300080245010400103260003000207300001500237365001200252440005800264901002100322902003500343903003900378942001200417952010400429999001700533LDD181029s9999 xx 000 0 und d a9780415977012cP 85.00 cLDD aCortese, Daniel K. 0aAre we thinking straight?bthe politics of straigtness in a lesbian and gay socicDaniel K. Cortese aNew YorkbRoutledgec2006 axiv, 213p. bP 85.00 aNew approachs in sociology /edited by Nancy A. Naples a7965b14-11-2011 aIN22270b22-11-2011cFdSBe31 aDiscount-15bReqst by : G. Pradhan 2ddccBK 00102ddc4070999474aLDDbLDDl0o306.7660973 C818Ap082809r2018-11-01v7007.40w2018-11-01yBK c99475d99475